Famous 6 X 6 Quiz Stats

 Plays Quiz Updated Sep 14, 2014

Also try: Famous 5 X 5
Challenge
Share
Tweet
Embed
Score 0/25 Timer 05:00
3 Plays Today
Clue Answer % Correct
Actor turned politician who became the 40th US presidentRonald Reagan
90.2%
British author and essayist best known for 'Animal Farm'George Orwell
83.5%
Roman leader assassinated on the 'Ides of March'Julius Caesar
83.3%
Actress who played Princess LeiaCarrie Fisher
75.9%
Leader of the Soviet Union during WWIIJoseph Stalin
75.8%
Oscar-winning Australian actress in 'The Hours' and 'Moulin Rouge!'Nicole Kidman
75.4%
Iconic figure who touched off the Protestant ReformationMartin Luther
70.1%
Actor in 'Fight Club' & 'American History X'Edward Norton
67.5%
Famous US inventor who was rivals with Nikola Tesla (1847-1931)Thomas Edison
65.2%
Former 'The Simple Life' star and friend to Paris HiltonNicole Richie
64.6%
Female singer of 'I Will Survive' and 'Never Can Say Goodbye'Gloria Gaynor
62.7%
Grammy Award winner known for 'Superstition' and 'You Are the Sunshine of My Life'Stevie Wonder
62%
US golfer who won 7 majors; also, an iced tea and lemonade beverageArnold Palmer
61.6%
Clue Answer % Correct
Actor known for playing Blade in the 'Blade' film trilogyWesley Snipes
59.5%
'I'm gonna make him an offer he can't refuse'Marlon Brando
58.4%
Female chancellor of GermanyAngela Merkel
57.9%
Wrote 'Death of a Salesman' and was married to Marilyn MonroeArthur Miller
56.4%
Portrayed in his biopic by Phillip Seymour HoffmanTruman Capote
56.3%
Author known for 'Brave New World'Aldous Huxley
52.5%
Canadian pop singer of 'Baby' and 'One Less Lonely Girl'Justin Bieber
51.5%
Scottish actor who played the lead in '300' and 'P.S. I Love You'Gerard Butler
48.6%
Yankee legend who played from 1951 to 1968Mickey Mantle
44.9%
Palestinian leader from 1969 to 2004Yasser Arafat
44.9%
English actress known for her role in 'Good Will Hunting'Minnie Driver
43.5%
Actress famous for roles in 'Gilmore Girls' and 'Parenthood'Lauren Graham
25.2%

You're not logged in!

Compare scores with friends on all Sporcle quizzes.
Join for Free
OR
Log In

You Might Also Like...

Show Comments

Extras

Top Quizzes Today


Score Distribution

Your Account Isn't Verified!

In order to create a playlist on Sporcle, you need to verify the email address you used during registration. Go to your Sporcle Settings to finish the process.

Report this User

Report this user for behavior that violates our Community Guidelines.

Details: